000 00737nam a22002291 4500
001 21391
003 CZ PrNK
005 20260228132812.0
007 ta
008 020501s1959 xo slo
020 _q(Váz.) :
_cKčs 7,30
040 _aABA001
_bcze
_cABA001
_dABA001
100 1 _aChalupka, Samo,
_d1812-1883
_4aut
245 1 0 _aSpevy Sama Chalupku :
_bvýber /
_cSamo Chalupka ; vyd. pripravil Stanislav Šmatlák ; ilustr. Oto Lupták
250 _a1. vyd.
260 _aBratislava :
_bMladé letá,
_c1959
300 _a87 s. ;
_c
490 1 _aŠkolská knižnica. Základné čítanie pre 6. roč
830 0 _aŠkolská knižnica.
_pZákladné čítanie pre 6. roč
910 _aABA001
942 _2ddc
_cKLDO
_n0
999 _c21391
_d21391